| 000 | 00715nam a2200229 i 4500 | ||
|---|---|---|---|
| 001 | 106831 | ||
| 003 | ES-MaACL | ||
| 005 | 20250828063251.0 | ||
| 007 | t| | ||
| 008 | 070103s1964 fr ||||1| fre d | ||
| 080 | _a17.036.2 | ||
| 100 | 1 |
_aAlain, _d1868-1951 _919080 |
|
| 245 | 1 | 3 |
_aLa théorie de la connaissance des stoïciens / _cAlain ; préface par Louis Goubert. |
| 250 | _a1er. ed. | ||
| 260 |
_aParis : _bPresses Universitaires de France, _c1964. |
||
| 300 |
_a73 p. : _bretr. autor ; _c19 cm. |
||
| 500 | _aBiblioteca Jacinto Martínez Lacalle. | ||
| 650 | 1 | 4 |
_aEstoicos. _912556 |
| 700 | 1 |
_aGoubert, Louis. _959310 |
|
| 852 |
_aES-MaACL _jE-11474 _bR.139558 |
||
| 999 |
_c106831 _d106831 |
||